00679nam a2200241 a 4500001001300000003000900013005001700022008004100039020001000080082001300090100001600103245005100119260003500170300000900205500003500214505001800249650001300267700001600280902000800296942000700304952011300311999001300424nice12345678IN_TiNIC20260116011357.0050524s1911 lona grp 000 0 eng  ac10000a266bZWE aZwemer, S M aUnaccupied Mission Flields of Africa and Asia. aLondonbMarshal Brothersc1911 a259p aincludes index and biblioraphy2 aIndex, Illus. aMissions1 aZwemer, S M bRBA cBK 001040708RareBook->aHMIbHMId2007-07-11g100.00l0o266 ZWEp00680r2007-07-11v100.00w2005-05-24yBK c988d988